000 01079cam a22003617a 4500
003 CHAP
005 20220817044016.0
008 050401d2004 it rn 00110 eng d
010 _a89951
011 _a90923
020 _a9251051100
035 _a101480
040 _cCHAP
082 0 4 _a641.3
_bF3 v.79
110 2 _aFAO
245 1 0 _aSafety assessment of foods derived from genetically modified animals, including fish
_c/by FAO
260 _aRome :
_bFAO,
_c2004.
300 _a36 p.
410 0 0 _aFAO
490 0 _aAlimentación y nutrición
_v; 79
590 _aBATCH-UPD
_b10
_c20130110
_lUCH01
_h0843
590 _aBATCH-UPD
_b10
_c20130410
_lUCH01
_h0518
590 _aBATCH-UPD
_b10
_c20130914
_lUCH01
_h0641
590 _aCONVERSION
_b10
_c20130109
_lUCH01
_h1350
650 1 4 _aBiotecnología
_xNormas.
_912887
650 1 4 _aInocuidad alimentaria.
_958836
810 0 _aFAO
830 0 0 _aAlimentacion y nutricion
_v; 79
_94112
901 _aBK
905 _aLilia
942 _cLIBRO
949 _a641.3 F3 v.79
_bBC
_cFAO
_d33724000953550
_eFAO1
_h105428
_i101480
_sb
999 _c89951
_d89951